000 00618nam a2200205Ia 4500
003 OSt
005 20230420140027.0
008 210423s2010 xx 000 0 und d
020 _a9788173197635
040 _cAL
041 _aeng
082 _a516.36 WILP
100 _aWILSON (P M H).
_991054
245 _aCurved spaces: from classical geometries to elementary differential geometry.
260 _aCambridge
_bCambridge University Press
_c2010
300 _ax,186
_bPB
365 _b575
_cINR
906 _aclassical ; Curved ; differential ; elementary ; geometries ; geometry. ; spaces:
942 _2ddc
_cBK
999 _c160311
_d160311